Hobbit Dwarves Quiz Stats

 Plays Quiz Updated Jul 10, 2019

Score 0/14 Timer 02:00
11 Plays Today
% Correct
Thorin
93.5%
Balin
92.2%
Gloin
92.1%
Dwalin
90.7%
Kili
90%
Fili
89.8%
Oin
89.8%
% Correct
Bofur
89.7%
Nori
89.6%
Ori
89.6%
Bifur
88.9%
Dori
88.5%
Bombur
86.7%
Dain
61.1%

You're not logged in!

Compare scores with friends on all Sporcle quizzes.
OR
Log In

Show Comments

Extras

Top Quizzes Today


Score Distribution

Your Account Isn't Verified!

In order to create a playlist on Sporcle, you need to verify the email address you used during registration. Go to your Sporcle Settings to finish the process.

Report this User

Report this user for behavior that violates our Community Guidelines.

Details: